Modern Economics Theory (Record no. 1363)

MARC details
000 -LEADER
fixed length control field 00410nam a22001697a 4500
005 - DATE AND TIME OF LATEST TRANSACTION
control field 20210914103505.0
008 - FIXED-LENGTH DATA ELEMENTS--GENERAL INFORMATION
fixed length control field 160521b xxu||||| |||| 00| 0 eng d
020 ## - INTERNATIONAL STANDARD BOOK NUMBER
ISBN 81-224-1414-1
041 ## - LANGUAGE CODE
Language code of text/sound track or separate title eng
082 ## - DEWEY DECIMAL CLASSIFICATION NUMBER
Item number 4029
100 ## - MAIN ENTRY--AUTHOR NAME
Personal name Sampat Mukherjee
245 ## - TITLE STATEMENT
Title Modern Economics Theory
260 ## - PUBLICATION, DISTRIBUTION, ETC. (IMPRINT)
Place of publication New Delhi
Name of publisher Academic Faundation
Year of publication 2008
300 ## - PHYSICAL DESCRIPTION
Number of Pages 985
650 ## - SUBJECT ADDED ENTRY--TOPICAL TERM
Topical Term Management
942 ## - ADDED ENTRY ELEMENTS (KOHA)
Koha item type Books
Holdings
Lost status Damaged status Collection code Home library Current library Shelving location Date acquired Cost, normal purchase price Full call number Accession Number Koha item type
    MANAGEMENT JRU Library JRU Library SHELF-58-A 21/05/2016 350.00 330.112 4029 Books
    MANAGEMENT JRU Library JRU Library SHELF-58-A 21/05/2016 350.00 330.112 4030 Books
    MANAGEMENT JRU Library JRU Library SHELF-58-A 21/05/2016 350.00 330.112 4031 Books
    MANAGEMENT JRU Library JRU Library SHELF-58-A 21/05/2016 350.00 330.112 4032 Books
    MANAGEMENT JRU Library JRU Library SHELF-58-A 21/05/2016 350.00 330.112 4033 Books
    MANAGEMENT JRU Library JRU Library SHELF-58-A 21/05/2016 350.00 330.112 4034 Books
    MANAGEMENT JRU Library JRU Library SHELF-58-A 21/05/2016 350.00 330.112 4035 Books
    MANAGEMENT JRU Library JRU Library SHELF-58-A 21/05/2016 350.00 330.112 4036 Books
    MANAGEMENT JRU Library JRU Library SHELF-58-A 21/05/2016 350.00 330.112 4037 Books
    MANAGEMENT JRU Library JRU Library SHELF-58-A 21/05/2016 350.00 330.112 4038 Books
    MANAGEMENT JRU Library JRU Library SHELF-58-A 21/05/2016 350.00 330.112 4039 Books
    MANAGEMENT JRU Library JRU Library SHELF-58-A 21/05/2016 350.00 330.112 4040 Books
    MANAGEMENT JRU Library JRU Library SHELF-58-A 21/05/2016 350.00 330.112 4041 Books
    MANAGEMENT JRU Library JRU Library SHELF-58-A 21/05/2016 350.00 330.112 4042 Books
    MANAGEMENT JRU Library JRU Library SHELF-58-A 21/05/2016 350.00 330.112 4043 Books
    Reference JRU Library JRU Library SHELF-58-A 21/05/2016 350.00 330.112 4044 Books
    Non-fiction JRU Library   SHELF-28-C 21/05/2016 350.00 330.112 4045 Books
    MANAGEMENT JRU Library JRU Library SHELF-58-A 21/05/2016 350.00 330.112 4046 Books
    MANAGEMENT JRU Library JRU Library SHELF-58-A 21/05/2016 350.00 330.112 4047 Books